<?xml version="1.0" encoding="UTF-8"?><marc:collection xmlns:marc="http://www.loc.gov/MARC21/slim">
  <marc:record>
    <marc:leader>00000nam##2200000za#4500</marc:leader>
    <marc:controlfield tag="001">9.678332</marc:controlfield>
    <marc:controlfield tag="003">CaOODSP</marc:controlfield>
    <marc:controlfield tag="005">20200804090841</marc:controlfield>
    <marc:controlfield tag="007">ta</marc:controlfield>
    <marc:controlfield tag="008">150407|1992||||xxc|||||     f|0| 0 fre|d</marc:controlfield>
    <marc:datafield tag="020" ind1=" " ind2=" ">
      <marc:subfield code="a">2-921114-75-5</marc:subfield>
    </marc:datafield>
    <marc:datafield tag="040" ind1=" " ind2=" ">
      <marc:subfield code="a">CaOODSP</marc:subfield>
      <marc:subfield code="b">fre</marc:subfield>
    </marc:datafield>
    <marc:datafield tag="043" ind1=" " ind2=" ">
      <marc:subfield code="a">n-cn---</marc:subfield>
    </marc:datafield>
    <marc:datafield tag="086" ind1="1" ind2=" ">
      <marc:subfield code="a">SA2-228/1991F</marc:subfield>
    </marc:datafield>
    <marc:datafield tag="110" ind1="2" ind2=" ">
      <marc:subfield code="a">Archives nationales du Canada.</marc:subfield>
    </marc:datafield>
    <marc:datafield tag="245" ind1="1" ind2="0">
      <marc:subfield code="a">Trésors des Archives nationales du Canada </marc:subfield>
    </marc:datafield>
    <marc:datafield tag="260" ind1=" " ind2=" ">
      <marc:subfield code="a">Sillery - Québec : </marc:subfield>
      <marc:subfield code="b">Archives nationales du Canada </marc:subfield>
      <marc:subfield code="c">1992.</marc:subfield>
    </marc:datafield>
    <marc:datafield tag="300" ind1=" " ind2=" ">
      <marc:subfield code="a">367p. : </marc:subfield>
      <marc:subfield code="b">ill. (certaines en couleur) ; </marc:subfield>
      <marc:subfield code="c">31 cm.</marc:subfield>
    </marc:datafield>
    <marc:datafield tag="500" ind1=" " ind2=" ">
      <marc:subfield code="a">Sommaire: La représentation graphique des eaux, de la terre et des structures: les documents cartographiques, architecturaux et techniques.--Le Canada vu par l'artiste: les oeuvres d'art documentaire.--Conception et production des timbres-poste: les documents philatéliques.--Le passé du Canada par ses documents officiels: les documents gouvernementaux.--Un passé riche et varié: manuscrits et archives privées.--La recherche de ses ancêtres: les documents généalogiques.--La technologie du XXe siècle: les images en mouvement et les enregistrements sonores.--L'album de famille canadien: les documents photographiques.--La conservation des documents historiques.--Index. Publié par Les éditions du Septentrion avec la collaboration des Archives nationales du Canada et du Groupe Communication Canada, Édition d'Approvisionnements et Services Canada. Également disponible aux Éditions du Septentrion. Données de catalogage avant publication (Canada) imprimées dans cette publication.</marc:subfield>
    </marc:datafield>
    <marc:datafield tag="520" ind1="3" ind2=" ">
      <marc:subfield code="a">Coédité avec les Éditions du Septentrion. Cette publication regroupe certains des documents les plus précieux du passé canadien. Les spécialistes de la recherche historique connaissent ces trésors depuis longtemps, du moins une partie entre eux. Ce livre est destiné à faire découvrir au grand public ces témoignages uniques et éloquents de notre histoire. Il nous rappelle que ces précieux trésors sont la propriété de tous les canadiens. Index. Illustrations en couleurs.</marc:subfield>
    </marc:datafield>
    <marc:datafield tag="563" ind1=" " ind2=" ">
      <marc:subfield code="a">Relié toile</marc:subfield>
    </marc:datafield>
    <marc:datafield tag="590" ind1=" " ind2=" ">
      <marc:subfield code="a">92-36</marc:subfield>
      <marc:subfield code="b">1992-09-04</marc:subfield>
    </marc:datafield>
    <marc:datafield tag="775" ind1="0" ind2="8">
      <marc:subfield code="t">Treasures of the National Archives of Canada </marc:subfield>
      <marc:subfield code="w">(CaOODSP)9.644495</marc:subfield>
    </marc:datafield>
  </marc:record>
</marc:collection>
